Full house quiz ;) - Statistics

General Stats
  • This quiz has been taken 56 times
  • The average score is 10 of 15
Answer Stats
Question Answer % Correct
What was Uncle Jesse real name? Hermes
86%
What is Stephanie's favorite stuffed animal? Mr.Bear
86%
What does Alex stand for? Alexander
84%
What was the name of the family dog? Comet
82%
What is was the name of Stephanie's band? Girl talk
80%
Which one was NOT one of D.J's boyfriends? Harry
80%
What is not one of Michelle's catch phrases? How rude!
76%
Where did Becky move from? Nebraska
76%
Which is NOT a catch phrase from the show? They all are
74%
Who was Kimmy's boyfriend? Duane
72%
Which Tanner gets amnesia at the end of the show? Michelle
72%
Who was Nicky named after? Jesse's Father
54%
What is Danny's middle name? Ernest
44%
What did Joey start going by when he went into business? Joe
38%
How many episodes were actually filmed in San Francisco? One
20%
No matching quizzes found
Score Distribution
Percent of People with Each Score
Percentile by Number Answered
Your Score History
You have not taken this quiz